header

Rosamond Lehmann (Record no. 152636)

MARC details
000 -LEADER
fixed length control field 01330nam a2200361Ia 4500
082 04 - DEWEY DECIMAL CLASSIFICATION NUMBER
Classification number 823.912
100 1# - MAIN ENTRY--AUTHOR NAME
Personal name Simons, Judy.
245 10 - TITLE STATEMENT
Title Rosamond Lehmann
260 ## - PUBLICATION, DISTRIBUTION, ETC. (IMPRINT)
Place of publication Devon :
Name of publisher Northcote House,
Year of publication 2011.
300 ## - PHYSICAL DESCRIPTION
Number of Pages ix, 102 p.
490 1# - SERIES STATEMENT
Series statement Writers and their work
650 #0 - SUBJECT ADDED ENTRY--TOPICAL TERM
Topical Term Authors, English.
856 40 - ELECTRONIC LOCATION AND ACCESS
Uniform Resource Identifier http://site.ebrary.com/lib/rucke/Doc?id=10723891

No items available.

© 2026 Rongo University
Contact us: librarian | system librarian | Rongo university